O pravde Vojtechovi Mihálikovi

Bibliographic Details
Main Author: Junas, Jozef, 1944- (Author)
Format: Article
Language:Slovak
Subjects:

MARC

LEADER 00000nab a2200000 a 4500
001 vtls000262645
003 SK-MaSNL
005 20260304072450.0
008 250423c1986 xo 0 slo
015 |a SNBRB19rr/mm-uuuuu 
035 |a CL0272759 
035 |a urn:nbn:sk:snk-abeluh 
035 |a (urnnbn)urn:nbn:sk:snk:ar-000amq 
035 |a (uuid)06512076-b112-43bd-bef4-3300e42987da 
040 |a SNKBUCL  |b slo  |c SNKBUCL  |e AACR2 
041 0 |a slo 
044 |a xo  |c SK 
080 |a 885.4-1  |2 1981 
100 1 |a Junas, Jozef,  |d 1944-  |4 aut  |9 234089 
245 1 0 |a O pravde  |b Vojtechovi Mihálikovi  |c Jozef Junas 
600 1 7 |a Mihálik, Vojtech,  |d 1926-2001  |2 snkbucl  |9 13821 
655 7 |a slovenská poézia  |2 snkbucl  |9 70444 
655 7 |a dedikačná poézia  |2 snkbucl  |9 240053 
655 7 |a články z novín a časopisov  |2 snkbucl  |9 267496 
655 7 |a články z odboru literárna veda a krásna literatúra  |2 snkbucl  |9 770045 
773 0 |t Slovenské pohľady  |g Roč. 102, č. 11 (1986), s. 101 
850 |a Slovenská národná knižnica 
852 |a Slovenská národná knižnica 
954 |a beletria pôvodná (slovenská)  |2 lita 
958 |a article27 
958 |a RK 
958 |a LX 
958 |a OND 
958 |a EUIPO 
992 |a RBX 
999 |c 2766640  |d 2768570